000 00430nam a2200181Ia 4500
003 OSt
005 20230315114957.0
008 210210b1944 xxu||||| |||| 00| 0 eng d
040 _cAL
041 _aeng
082 _a515/99
100 _aSHASTRY (Raghava)
_975456
245 _aIntermediate geometry
260 _aMadras
_bRochouse & Sons Pvt Ltd.,
_c1944
690 _aGeometry
_975457
906 _a007663
942 _2ddc
_cBK
999 _c140203
_d140203